00673nam a2200241Ia 450000500170000000800460001702000180006303700100008104000080009104000080009904000080010704100080011504100080012308400080013110000200013924500640015926000100022326000090023385600670024294200100030999900210031995200910034020260121114054.0008 260114s9999 xx 000 0 eng d a9781118505328 aEBOOK aCRL beng cCRL 2eng aeng qCRL aWilkins9970515 4aThe Handbook of Development Communication and Social Change bWiley c2014 uhttps://onlinelibrary.wiley.com/doi/book/10.1002/9781118505328 cEBOOK c1549769d1549769 00104070aCRLbCRLd2026-01-21l0pCL1683908r2026-01-21 11:40:54w2026-01-21yEBOOK